|
|
|
|
| LEADER |
00000cam a2200000 7i4500 |
| 001 |
0000083623 |
| 005 |
20190515.0 |
| 008 |
190515 |
| 020 |
|
|
|a 9789671620922
|
| 041 |
0 |
|
|a Malay
|
| 090 |
0 |
0 |
|a MIZ
|b MAL
|
| 100 |
0 |
|
|a Miz Amaryllis
|
| 245 |
0 |
0 |
|a Polaris
|c Miz Amaryllis
|
| 260 |
|
|
|a Kuala Lumpur :
|b Suara Hati Publication ,
|c 2018
|
| 300 |
|
|
|a 599p. ;
|c 18.4cm.
|
| 541 |
0 |
0 |
|c Purchased on 2019
|f 2019/0301 PHJ
|h RM26.00
|
| 650 |
|
0 |
|a Malay fiction
|
| 999 |
|
|
|a 0001573363
|b Book
|c Adult Collection
|e Cawangan Bandar Tenggara
|
| 999 |
|
|
|a 0001573364
|b Book
|c Adult Collection
|e Cawangan Bukit Gambir
|
| 999 |
|
|
|a 0001573365
|b Book
|c Adult Collection
|e Cawangan Sri Merlong
|
| 999 |
|
|
|a 0001573366
|b Book
|c Adult Collection
|e Cawangan Taman Sri Lambak
|
| 999 |
|
|
|a 0001573367
|b Book
|c Adult Collection
|e Cawangan Muar
|
| 999 |
|
|
|a 0001573368
|b Book
|c Acts
|e Cawangan Taman Universiti
|
| 999 |
|
|
|a 0001573369
|b Book
|c Adult Collection
|e Cawangan Tmn. Ungku Tun Aminah
|
| 999 |
|
|
|a 0001573370
|b Book
|c Adult Collection
|e Cawangan Mersing
|
| 999 |
|
|
|a 0001573372
|b Book
|c Adult Collection
|e Cawangan Tangkak
|
| 999 |
|
|
|a 0001573373
|b Book
|c Adult Collection
|e Cawangan Sri Merlong
|
| 999 |
|
|
|a 0001573374
|b Book
|c Adult Collection
|e Cawangan Batu Pahat
|
| 999 |
|
|
|a 0001573375
|b Book
|c Adult Collection
|e Cawangan Segamat
|
| 999 |
|
|
|a 0001573376
|b Book
|c Adult Collection
|e Cawangan Kota Tinggi
|
| 999 |
|
|
|a 0001573468
|b Book
|c Adult Collection
|e Perbadanan Perpustakaan Awam Johor
|
| 999 |
|
|
|a 0001573469
|b Book
|c Adult Collection
|e Cawangan Urban Transformation Centre
|
| 999 |
|
|
|a 0001573470
|b Book
|c Adult Collection
|e Cawangan AEON Kulaijaya
|